| Tag |
First Indicator |
Second Indicator |
Subfields |
| LEADER |
00000cam a2200000Mi 4500 |
| 001 |
in00005477331 |
| 006 |
m o d |
| 007 |
cr ||||||||||| |
| 008 |
190114s1919 enka o 000 0 eng d |
| 005 |
20240917155142.5 |
| 035 |
|
|
|a (OCoLC)on1114587949
|
| 040 |
|
|
|a UKAMD
|b eng
|e rda
|e pn
|c UKAMD
|d OCLCF
|d OCLCO
|d OCLCL
|
| 035 |
|
|
|a (OCoLC)1114587949
|
| 050 |
|
4 |
|a U767
|
| 082 |
0 |
4 |
|a 355.10954
|2 23
|
| 049 |
|
|
|a TXAM
|
| 100 |
1 |
|
|a Candler, Edmund,
|d 1874-1926,
|e author.
|
| 245 |
1 |
4 |
|a The sepoy,
|f 1919 /
|c by Edmund Candler.
|
| 264 |
|
1 |
|a London :
|b John Murray,
|c 1919.
|
| 300 |
|
|
|a 1 online resource (1 volume (xii, 234 pages)) :
|b illustrations (black and white).
|
| 336 |
|
|
|a text
|b txt
|2 rdacontent
|
| 337 |
|
|
|a computer
|b c
|2 rdamedia
|
| 338 |
|
|
|a online resource
|b cr
|2 rdacarrier
|
| 490 |
1 |
|
|a AM Scholar: Area Studies India.
|
| 535 |
1 |
|
|a British Library
|
| 542 |
|
|
|f The British Library Board.
|
| 588 |
|
|
|a Description based on online resource; title from scanned document's title page (viewed on January 14, 2019).
|
| 610 |
1 |
0 |
|a India.
|b Army.
|
| 610 |
1 |
7 |
|a India.
|b Army
|2 fast
|
| 650 |
|
0 |
|a Soldiers
|z India.
|
| 650 |
|
0 |
|a Caste
|z India.
|
| 651 |
|
0 |
|a India
|x Civilization.
|
| 650 |
|
6 |
|a Castes
|z Inde.
|
| 651 |
|
6 |
|a Inde
|x Civilisation.
|
| 650 |
|
7 |
|a Caste
|2 fast
|
| 650 |
|
7 |
|a Civilization
|2 fast
|
| 650 |
|
7 |
|a Soldiers
|2 fast
|
| 651 |
|
7 |
|a India
|2 fast
|1 https://id.oclc.org/worldcat/entity/E39PBJmdx47cDXrRhBXHtbvPwC
|
| 655 |
|
7 |
|a Electronic books.
|2 local
|
| 710 |
2 |
|
|a Adam Matthew Digital (Firm),
|e digitiser.
|
| 758 |
|
|
|i has work:
|a The sepoy 1919 (Text)
|1 https://id.oclc.org/worldcat/entity/E39PCGD6Dx4BpxttFqGpHbpTMd
|4 https://id.oclc.org/worldcat/ontology/hasWork
|
| 830 |
|
0 |
|a AM Scholar: Area Studies India.
|
| 856 |
4 |
0 |
|u http://proxy.library.tamu.edu/login?url=https://www.amscholar.amdigital.co.uk/Documents/Details/CD_III_Part3_Reel73_Vol6
|z Connect to the full text of this electronic book
|t 0
|
| 955 |
|
|
|a Adam Matthew Scholar Area Studies India
|
| 994 |
|
|
|a 92
|b TXA
|
| 999 |
f |
f |
|s bbb817cf-a117-4257-9411-308b8c77b863
|i 5c3d1aba-597c-4b6e-b55a-6e068fb441b6
|t 0
|
| 952 |
f |
f |
|a Texas A&M University
|b College Station
|c Electronic Resources
|d Available Online
|t 0
|e U767
|h Library of Congress classification
|
| 998 |
f |
f |
|a U767
|t 0
|l Available Online
|